000
00260nam a22001217a 4500
008
180302b xxu||||| |||| 00| 0 eng d
041
_a
eng
080
_a
159.9
100
_a
48
101
_a
soc
245
_a
essentials readings
_c
stevi.j
942
_2
udc
_c
BK
999
_c
43997
_d
43997